| 000 | pam a22 a 4500 | ||
|---|---|---|---|
| 999 |
_c664 _d664 |
||
| 003 | AKMAL | ||
| 005 | 20170504144933.0 | ||
| 008 | 170504s2006 my e 000 0 may d | ||
| 020 |
_a9834255314 _qpaperback |
||
| 040 | _aAKMAL | ||
| 082 |
_a158.3 KAM _2223 |
||
| 090 | 0 | 0 |
_a158.3 _bKAM |
| 100 | 0 |
_aKamaruzzaman Jalaludin, _cDr., _d1955- _91429 |
|
| 245 | 1 | 0 |
_aTEORI KAUNSELING BINA JIWA : _bFALSAFAH DAN ORIENTASI KLINIKAL / _cDR KAMARUZZAMAN BIN JALALUDIN |
| 264 | 1 |
_aKangar, Perlis : _bDr Kamaruzzaman bin Jalaludin, _c[2006?] |
|
| 300 |
_a194 pages ; _c24 cm |
||
| 504 | _aBibliography: pages 182-193 | ||
| 650 | 1 | 0 |
_aCounseling _91027 |
| 650 | 2 | 0 |
_aGroup counseling _91430 |
| 942 |
_2ddc _cBOOK |
||